| 000 | 00397nam a22001697a 4500 | ||
|---|---|---|---|
| 003 | OSt | ||
| 005 | 20211117151942.0 | ||
| 008 | 211117b |||||||| |||| 00| 0 eng d | ||
| 020 | _a0862320208 | ||
| 040 | _cHU | ||
| 082 | _a338.88 | ||
| 100 |
_aMAKGETLA _918995 |
||
| 245 | _a0UTPOSTS OF MONOPOLY CAPITALISM . | ||
| 260 |
_aNEW YORK _bINC _c1998 |
||
| 300 | _a369 | ||
| 942 |
_2ddc _cBOOKS _n0 |
||
| 999 |
_c18777 _d18777 |
||